[Event "Basingstoke Spring Bank op U1825"]
[Site "Basingstoke"]
[Date "2018.05.25"]
[Round "1.10"]
[White "Henley, Robert"]
[Black "Hatzipanteli, Theodora"]
[Result "1-0"]
[WhiteElo "1765"]
[BlackElo "1521"]
[PlyCount "115"]
[EventDate "2018.05.25"]
[EventType "swiss"]
[EventRounds "7"]
[EventCountry "ENG"]
[SourceTitle "EXT 2023"]
[Source "ChessBase"]
[SourceDate "2022.10.05"]
[SourceVersion "1"]
[SourceVersionDate "2022.10.05"]
[SourceQuality "1"]

1. Nf3 d5 2. c4 e6 3. b3 Nf6 4. Bb2 g6 5. g3 Bg7 6. Bg2 0-0 7. 0-0 Nbd7 8. Qc2 Re8 9. d3 c6 10. Nbd2 e5 11. e4 a5 12. a3 dxe4 13. dxe4 Qc7 14. Rac1 c5 15. Rfd1 Bh6 16. Ra1 Nf8 17. Nb1 Bg4 18. Nc3 Bxf3 19. Bxf3 Ne6 20. Nb5 Qb8 21. Nd6 Rd8 22. Nb5 Nd4 23. Nxd4 exd4 24. Bc1 Bxc1 25. Qxc1 Qe5 26. Re1 Rd6 27. Bg2 Rdd8 28. Qd1 Re8 29. f4 Qe6 30. e5 Ng4 31. Bxb7 Rab8 32. Qf3 Ne3 33. Bd5 Qf5 34. Be4 Qe6 35. Rab1 Rb6 36. Bd5 Qf5 37. Be4 Qe6 38. Rxe3 dxe3 39. Qxe3 Qc8 40. Bd5 Qf5 41. Be4 Qc8 42. Rf1 Qb8 43. Rf3 Qc7 44. Bd5 Qe7 45. h4 Reb8 46. Kg2 a4 47. bxa4 Rb1 48. f5 R8b2+ 49. Rf2 Rxf2+ 50. Kxf2 gxf5 51. e6 fxe6 52. Bxe6+ Kf8 53. Qe5 Qg7 54. Qxf5+ Ke7 55. Qxb1 Kxe6 56. Qb6+ Kf5 57. Qxc5+ Ke4 58. Qd5# 1-0

[Event "Bansko op"]
[Site "Bansko"]
[Date "2010.12.13"]
[Round "1"]
[White "Hatzipanteli, Theodora"]
[Black "Georgiev, Krum"]
[Result "0-1"]
[WhiteElo "1579"]
[BlackElo "2422"]
[PlyCount "70"]
[EventDate "2010.12.13"]
[EventType "swiss"]
[EventRounds "9"]
[EventCountry "BUL"]
[SourceTitle "CBM 139 Extra"]
[Source "ChessBase"]
[SourceDate "2011.01.05"]
[SourceVersion "1"]
[SourceVersionDate "2011.01.05"]
[SourceQuality "1"]

1. e4 c5 2. Nf3 d6 3. d4 cxd4 4. Nxd4 Nf6 5. Nc3 Bd7 6. f4 Nc6 7. Be2 e6 8. Be3 Be7 9. Qd2 Nxd4 10. Qxd4 Bc6 11. Bf3 0-0 12. 0-0-0 Qb8 13. h4 b5 14. e5 Bxf3 15. gxf3 b4 16. Ne2 dxe5 17. fxe5 Rd8 18. Qf4 Nd5 19. Qe4 Qb5 20. Rd3 Nxe3 21. Qxe3 Rxd3 22. cxd3 b3 23. Nc3 bxa2 24. Nxa2 Rb8 25. Rh2 Qa4 26. Kb1 Qd1+ 27. Nc1 Rc8 28. d4 h5 29. f4 g6 30. Rh3 Qc2+ 31. Ka2 Qxc1 32. Qb3 Qc4 33. Rh2 Kg7 34. Rh3 Qa6+ 35. Kb1 Qf1+ 0-1

[Event "Politiken Cup 32nd"]
[Site "Copenhagen"]
[Date "2010.08.06"]
[Round "8"]
[White "Hatzipanteli, Theodora"]
[Black "Pedersen, Carl Aage"]
[Result "0-1"]
[WhiteElo "1572"]
[BlackElo "1776"]
[PlyCount "60"]
[EventDate "2010.07.31"]
[EventType "swiss"]
[EventRounds "10"]
[EventCountry "DEN"]
[SourceTitle "CBM 137 Extra"]
[Source "ChessBase"]
[SourceDate "2010.09.01"]
[SourceVersion "1"]
[SourceVersionDate "2010.09.01"]
[SourceQuality "1"]

1. e4 c5 2. Nf3 d6 3. d4 cxd4 4. Nxd4 Nf6 5. Nc3 g6 6. Be2 Bg7 7. Be3 0-0 8. 0-0 a6 9. Kh1 b5 10. a3 Bb7 11. Qd3 Nbd7 12. f3 Rc8 13. Bd1 Ne5 14. Qe2 Nc4 15. Rb1 Nxe3 16. Qxe3 Qb6 17. Nf5 Qxe3 18. Nxe3 Rc7 19. Rf2 Rfc8 20. Be2 Rc5 21. Bd3 e6 22. Ne2 Nd7 23. f4 h5 24. c3 Nf6 25. b4 R5c7 26. e5 dxe5 27. fxe5 Nd5 28. Nxd5 Bxd5 29. Rc1 Bxe5 30. Rcf1 f5 0-1